[Event "Andorra op"]
[Site "Andorra"]
[Date "1991.??.??"]
[Round "?"]
[White "Krasenkow, Michal"]
[Black "Braga, Fernando"]
[Result "1/2-1/2"]
[WhiteElo "2570"]
[BlackElo "2445"]

1.Nf3 Nf6 2.c4 e6 3.g3 d5 4.d4 Bb4+ 5.Bd2 c5 6.Bxb4 cxb4 7.Nbd2 O-O 8.Bg2 Nc6
9.O-O b6 10.Qc2 Bb7 11.cxd5 Qxd5 12.Qc4 Qd7 13.Ne5 Nxe5 14.dxe5 Bxg2 15.exf6 Qxd2
16.Qg4 Qh6 17.fxg7 Qxg7 18.Qxg7+ Kxg7 19.Kxg2 Rac8 20.Rfc1 Rfd8  1/2-1/2

[Event "Andorra op"]
[Site "Andorra"]
[Date "1991.??.??"]
[Round "?"]
[White "Krasenkow, Michal"]
[Black "Spraggett, Kevin"]
[Result "1/2-1/2"]
[WhiteElo "2570"]
[BlackElo "2495"]

1.d4 d6 2.Nf3 g6 3.e4 Nf6 4.Bd3 Bg7 5.c3 O-O 6.Na3 Nc6 7.Nc2 Re8 8.O-O e5
9.Re1 h6 10.h3 Bd7 11.Bd2 Qe7 12.b4 Nh7 13.Be3 Qf8 14.b5 Nd8 15.dxe5 dxe5
16.Bc4 Nf6 17.Nb4 Be6 18.Qd3 Nd7 19.Bxe6 Nxe6 20.Red1 Red8 21.Qc4 Nb6 22.Bxb6 cxb6
23.Nd3 Rac8 24.Qa4 Rxc3 25.Ndxe5 Ra3 26.Qc2 Nc5 27.Rxd8 Qxd8 28.Rd1 Qe8 29.Rd5 Kh7
30.Qd1 Rxa2 31.Rd8 Qe6 32.Qd5 Ra1+ 33.Kh2 Qf6 34.Qxf7 Qxf7 35.Nxf7 Nxe4 36.Rd7 Nc5
37.Rc7 Ra2 38.Nd6 Kg8 39.Rc8+ Kh7 40.Rc7 Kg8 41.Rc8+ Kh7 42.Rc7  1/2-1/2

[Event "Andorra op"]
[Site "Andorra"]
[Date "1991.??.??"]
[Round "?"]
[White "Garcia Ilundain, David"]
[Black "Krasenkow, Michal"]
[Result "0-1"]
[WhiteElo "2325"]
[BlackElo "2570"]

1.d4 Nf6 2.Nf3 g6 3.c4 Bg7 4.Nc3 O-O 5.e4 c6 6.e5 Ne8 7.Be2 d6 8.O-O dxe5
9.Nxe5 Nd6 10.Nf3 Bg4 11.Ne5 Bc8 12.Nf3 Nf5 13.d5 e6 14.Bg5 f6 15.Bc1 e5
16.b4 a5 17.dxc6 Qxd1 18.Rxd1 Nxc6 19.b5 Ncd4 20.Nxd4 Nxd4 21.Bf1 Be6 22.Na4 Rfd8
23.Bb2 Bf8 24.Bxd4 Rxd4 25.Rxd4 exd4 26.Bd3 Rc8 27.Nb6 Rc7 28.Rd1 Bc5 29.Nd5 Bxd5
30.cxd5 Kf7 31.Rc1 Ke7 32.Bc4 Bb4 33.b6 Rc5 34.Rc2 Kd6 35.Kf1 Bc3 36.Bb3 d3
37.Rc1 d2 38.Rd1 Rb5 39.Ke2 Rxb6 40.Kd3 Bb4 41.Kc4 Ra6 42.a3 Bxa3 43.Rxd2 a4
44.Ba2 Ra5 45.Kd3 b5 46.Re2 Kd7 47.Re6 Bd6 48.Rxf6 b4 49.Bc4 b3 50.Rf7+ Be7
51.Rxh7 Rc5 52.Rh8 b2 53.Ba2 Rc1 54.Ra8 Ra1 55.Kc2 Rxa2 56.Kb1 Ra1+ 57.Kxb2 Bf6+
58.Kc2 Ra2+ 59.Kd3 Rxf2 60.Rxa4 Rxg2 61.h4 Kd6 62.Ra6+ Ke5 63.h5 gxh5 64.d6 h4
65.d7 Rg8  0-1

[Event "Andorra op"]
[Site "Andorra"]
[Date "1991.??.??"]
[Round "?"]
[White "Ricardi, Pablo"]
[Black "Krasenkow, Michal"]
[Result "0-1"]
[WhiteElo "2435"]
[BlackElo "2570"]

1.e4 e5 2.Nf3 Nc6 3.Bb5 Nf6 4.O-O Bc5 5.c3 O-O 6.d4 Bb6 7.Bg5 d6 8.a4 a5
9.Re1 Qe7 10.Nbd2 exd4 11.Bxc6 dxc3 12.bxc3 bxc6 13.e5 dxe5 14.Nxe5 Qc5 15.Qf3 Ng4
16.Ne4 Qxe5 17.Nf6+ Qxf6 18.Bxf6 Nxf6 19.Re5 Be6 20.h3 Rad8 21.Rd1 Rd5 22.Rde1 Rfd8
23.c4 Rxe5 24.Rxe5 Bxc4 25.Qxc6 Bd5 26.Qb5 Be6 27.g4 h6 28.Qe2 Rd4 29.Qc2 Bd7
30.Re7 Bxa4 31.Qa2 Be8 32.Kh2 Rf4 33.Re2 g5 34.Qc2 a4 35.f3 Rxf3 36.Qd1 Kg7
37.Rxe8 Rf2+ 38.Kg3 Nxe8 39.h4 Nf6 40.Qa1 Rf4  0-1

[Event "Gausdal Int"]
[Site "Gausdal"]
[Date "1991.??.??"]
[Round "1"]
[White "Shantharam, KV."]
[Black "Krasenkow, Michal"]
[Result "0-1"]
[WhiteElo "2310"]
[BlackElo "2550"]

1.Nf3 Nf6 2.c4 g6 3.Nc3 Bg7 4.g3 O-O 5.Bg2 c6 6.d4 d6 7.O-O Qa5 8.d5 Qa6
9.Qb3 Nbd7 10.Be3 Ng4 11.Bd4 Bxd4 12.Nxd4 Nge5 13.Rfc1 Nc5 14.Qd1 Qb6 15.b4 Ncd3
16.exd3 Qxd4 17.dxc6 bxc6 18.b5 Bg4 19.Ne2 Qxd3 20.Qxd3 Nxd3 21.Rc2 Rac8
22.Nd4 cxb5 23.Nc6 Rxc6 24.Bxc6 Nb4 25.Rb2 Nxc6 26.cxb5 Nd4 27.a4 Rb8 28.Kf1 Rb6
29.Rc1 a6 30.Rc7 e5 31.a5 Rxb5 32.Rxb5 Be2+ 33.Ke1 Bxb5 34.Rc8+ Kg7 35.Rd8 Nf3+
36.Kd1 Nxh2 37.Rxd6 Nf3 38.Rd5 Bf1  0-1

[Event "Peer Gynt"]
[Site "Gausdal"]
[Date "1991.??.??"]
[Round "1"]
[White "Aarland, Stein Arild"]
[Black "Krasenkow, Michal"]
[Result "1-0"]
[WhiteElo "2215"]
[BlackElo "2550"]

1.c4 g6 2.Nc3 Bg7 3.g3 e5 4.Bg2 Ne7 5.d3 O-O 6.Nf3 c6 7.O-O d5 8.cxd5 cxd5
9.d4 e4 10.Ne1 Nbc6 11.Nc2 Be6 12.b3 h5 13.Ba3 h4 14.Rc1 h3 15.Bh1 Rc8 16.Qd2 Kh7
17.f3 f5 18.Nd1 Bh6 19.f4 Rg8 20.Nf2 g5 21.Nxh3 g4 22.Nf2 Ng6 23.e3 Nh4 24.gxh4 Qxh4
25.Bg2 g3 26.Nh3 Rg4 27.hxg3 Qxg3 28.Ng5+ Bxg5 29.fxg5 Rxg5 30.Rf4 Rcg8 31.Ne1 Rh5
32.Qf2 Qh2+ 33.Kf1 Bd7 34.Bd6 Nxd4 35.Rc7 Rg7 36.exd4 Bb5+ 37.Nd3 Bxd3+ 38.Ke1 Rxc7
39.Bxc7 e3 40.Qxe3 Qxg2 41.Qxd3 Kg6 42.Rf2 Rh1+ 43.Ke2  1-0

[Event "Gausdal Int"]
[Site "Gausdal"]
[Date "1991.??.??"]
[Round "5"]
[White "Krasenkow, Michal"]
[Black "Efimov, Igor"]
[Result "1-0"]
[WhiteElo "2550"]
[BlackElo "2460"]

1.d4 f5 2.Nc3 d5 3.Bg5 g6 4.e3 Bg7 5.h4 c6 6.Nf3 Nf6 7.Bd3 Be6 8.Ne2 Nbd7
9.Nf4 Bf7 10.h5 Qa5+ 11.Qd2 Qxd2+ 12.Nxd2 Ne4 13.Bxe4 dxe4 14.f3 exf3 15.Nxf3 Nf6
16.hxg6 hxg6 17.Rxh8+ Bxh8 18.O-O-O Bg7 19.Rh1 Ne4 20.Rh7 Kf8 21.Bxe7+ Kg8
22.Rh1 Re8 23.Bh4 c5 24.Be1 cxd4 25.exd4 Rd8 26.Ne5 g5 27.Nxf7 Kxf7 28.Ne2 Kg6
29.c3 f4 30.Kc2 Bh6 31.Nc1 Nd6 32.Kd3 Nf5 33.Ne2 Bg7 34.Bf2 Bh6 35.g4 Ne7
36.Ng1 Bg7 37.Nf3 Bf6 38.Ke4 Nc6 39.Nd2 Re8+ 40.Kf3 b6 41.Re1 Rc8 42.Re6 Kf7
43.Rd6 Be7 44.Rd5 Rd8 45.Rxd8 Bxd8 46.Ke4 Ne7 47.Nf3 Nc8 48.Ne5+ Ke6 49.d5+ Kf6
50.Bd4 Bc7 51.c4 Nd6+ 52.Kd3 Nb5 53.Nc6+ Nxd4 54.Kxd4 a5 55.Ke4 Bd6 56.b3 Bb4
57.Ne5 Bc5 58.Nd3 Bb4 59.Nb2 Bc5 60.Na4 Ke7 61.Nc3 Kd7 62.Kd3 Ba3 63.Ne4 Be7
64.Kd4 Bc5+ 65.Kc3 Bb4+ 66.Kc2 Be7 67.Kd3 Kc7 68.Ke2 Kd7 69.Kf3 Bd8 70.Kg2 Be7
71.Kf1 Kc7 72.Kf2 Kd7 73.Ke1 Kc7 74.Kd2 Kd7 75.Kd3 Kc7 76.d6+ Bxd6 77.Nxg5 Kc6
78.Ne6 b5 79.Nd4+ Kc5 80.Nxb5 Bf8 81.Nd4  1-0

[Event "Gausdal Int"]
[Site "Gausdal"]
[Date "1991.??.??"]
[Round "5"]
[White "Prasad, Devaki V"]
[Black "Krasenkow, Michal"]
[Result "1/2-1/2"]
[WhiteElo "2420"]
[BlackElo "2550"]

1.e4 e5 2.Nf3 Nc6 3.Bb5 a6 4.Ba4 Nf6 5.O-O Nxe4 6.d4 b5 7.Bb3 d5 8.dxe5 Be6
9.Nbd2 Bc5 10.Nxe4 dxe4 11.Bxe6 Qxd1 12.Rxd1 fxe6 13.Ng5 O-O 14.Be3 Bxe3
15.fxe3 Nxe5 16.Nxe6 Rf7 17.b3 Ng4 18.Re1 Re8 19.Nc5 Rf2 20.Rac1 Rd2 21.h3 Nh6
22.Red1 Re2 23.Re1 Rd2 24.Red1 Re2 25.Re1  1/2-1/2

[Event "Jyvaskyla op"]
[Site "Jyvaskyla"]
[Date "1991.??.??"]
[Round "3"]
[White "Krasenkow, Michal"]
[Black "Nei, Iivo"]
[Result "0-1"]
[WhiteElo "2570"]
[BlackElo "2415"]

1.d4 d5 2.c4 e6 3.Nf3 Nf6 4.g3 dxc4 5.Bg2 Bd7 6.Ne5 Bc6 7.Nxc6 Nxc6 8.O-O Be7
9.e3 Nd5 10.Qe2 Nb6 11.Nd2 Na5 12.Ne4 O-O 13.Nc5 Qc8 14.Bd2 Nc6 15.Rac1 Rd8
16.Rfd1 a5 17.b3 a4 18.b4 Ra7 19.a3 Nb8 20.b5 c6 21.Rb1 cxb5 22.Rxb5 Nd5
23.Qxc4 b6 24.e4 Nf6 25.Rxb6 Nbd7 26.Rb5 Nxc5 27.dxc5 Rc7 28.Qxa4 Rxc5  0-1

[Event "Jyvaskyla op"]
[Site "Jyvaskyla"]
[Date "1991.??.??"]
[Round "6"]
[White "Westerinen, Heikki MJ"]
[Black "Krasenkow, Michal"]
[Result "1/2-1/2"]
[WhiteElo "2410"]
[BlackElo "2570"]

1.e4 e5 2.f4 exf4 3.Bc4 Nf6 4.Nc3 c6 5.d4 Bb4 6.e5 Ne4 7.Qh5 d5 8.exd6 O-O
9.Ne2 g6 10.Qh6 Nxd6 11.Bb3 Bxc3+ 12.bxc3 Re8 13.Bxf4 Qe7 14.Be5 Nf5 15.Qf4 Nd7
16.O-O-O Nxe5 17.dxe5 Be6 18.Nd4 Bxb3 19.Nxf5 Qa3+ 20.Kd2 Rad8+ 21.Ke2 Qxa2
22.Ne7+ Kf8 23.Qh6+ Kxe7 24.Qg5+ Kf8 25.Rxd8 Qxc2+ 26.Ke3 Qxc3+ 27.Kf2 Qc5+  1/2-1/2

[Event "Jyvaskyla op"]
[Site "Jyvaskyla"]
[Date "1991.??.??"]
[Round "7"]
[White "Krasenkow, Michal"]
[Black "Luik, Helmuth"]
[Result "1-0"]
[WhiteElo "2570"]
[BlackElo "2325"]

1.Nf3 c5 2.c4 Nc6 3.d4 cxd4 4.Nxd4 g6 5.e4 Bg7 6.Be3 d6 7.Nc3 Nf6 8.Be2 O-O
9.O-O Bd7 10.a3 Rc8 11.Nxc6 Bxc6 12.f3 a6 13.Qd2 Nd7 14.Rac1 b6 15.b4 Bb7
16.Bg5 Re8 17.Nd5 a5 18.f4 axb4 19.axb4 Ra8 20.Bf3 f6 21.Bh4 e6 22.Nc3 Qe7
23.Nb5 Red8 24.Nxd6 Nb8 25.e5 Bxf3 26.Rxf3 Nc6 27.b5 Na5 28.Qf2 g5 29.fxg5 fxe5
30.Ne4 Rd4 31.g6 Qb4 32.Rf7 Rf8 33.Qf6 Rxf7 34.Qxf7+ Kh8 35.Bf6  1-0

[Event "Krumbach op"]
[Site "Krumbach"]
[Date "1991.??.??"]
[Round "5"]
[White "Krasenkow, Michal"]
[Black "Galdunts, Sergey"]
[Result "1/2-1/2"]
[WhiteElo "2570"]
[BlackElo "2470"]

1.c4 e6 2.g3 Nf6 3.Bg2 d5 4.d4 Bb4+ 5.Bd2 Be7 6.Nf3 O-O 7.O-O c6 8.Nc3 b6
9.Qb3 Nbd7 10.Rfc1 Bb7 11.cxd5 cxd5 12.a4 a6 13.Na2 Ne4 14.Bf4 Nd6 15.Qd3 a5
16.Nc3 Nb8 17.Nb5 Nc6 18.e3 Nb4 19.Qd1 Nxb5 20.axb5 Bd6 21.Bxd6  1/2-1/2

[Event "Krumbach op"]
[Site "Krumbach"]
[Date "1991.??.??"]
[Round "6"]
[White "Thiel, Thomas"]
[Black "Krasenkow, Michal"]
[Result "0-1"]
[WhiteElo "2220"]
[BlackElo "2570"]

1.e4 c5 2.Nf3 Nc6 3.d4 cxd4 4.Nxd4 Nf6 5.Nc3 e5 6.Ndb5 d6 7.Bg5 a6 8.Na3 b5
9.Bxf6 gxf6 10.Nd5 f5 11.Bd3 Be6 12.Qh5 Bg7 13.O-O Ra7 14.c3 f4 15.Nc2 O-O
16.a4 bxa4 17.Rxa4 a5 18.g3 f5 19.gxf4 exf4 20.Nxf4 Bf7 21.Bc4 Bxc4 22.Rxc4 Ne5
23.Rd4 fxe4 24.Ne6 Qe8 25.Qxe8 Rxe8 26.Rxd6 Nc4 27.Rd8 Rxd8 28.Nxd8 Nxb2
29.Re1 Rd7 30.Nc6 Bxc3 31.Rxe4 a4 32.Re3 Bf6 33.Kf1 Rd2 34.N6b4 Nc4 35.Rd3 Rxd3
36.Nxd3 Kf7 37.Ke2 Kg6 38.Nc5 a3 39.Kd3 Nb2+ 40.Ke4 a2 41.Nb3 Nd1 42.f4 Nc3+
43.Kf3 Kh5 44.Ne3 Nb5 45.Nc2 Kh4 46.Nc1 Nd4+ 47.Ke4 Nxc2 48.Nxa2 Kh3 49.Nc1 Kxh2
50.Kf5 Be7 51.Ne2 h5 52.Kg6 h4 53.f5 Bd6 54.f6 h3 55.f7 Kh1 56.Ng3+ Kg1 57.Nf5 Bf8
58.Nh4 Nd4 59.Kf6 h2  0-1

[Event "POL-chT"]
[Site "Mikolajki"]
[Date "1991.??.??"]
[Round "3"]
[White "Krasenkow, Michal"]
[Black "Pinkas, Karol"]
[Result "1-0"]
[WhiteElo "2570"]
[BlackElo "2360"]

1.c4 e5 2.g3 Nf6 3.Bg2 Nc6 4.Nc3 Bb4 5.Nd5 O-O 6.Nxb4 Nxb4 7.d3 Re8 8.a3 Nc6
9.e4 Nd4 10.Ne2 Nxe2 11.Qxe2 d6 12.b4 a5 13.Qb2 c6 14.O-O axb4 15.axb4 Rxa1
16.Qxa1 d5 17.exd5 cxd5 18.Bg5 Be6 19.Rc1 dxc4 20.dxc4 Qb8 21.Bxf6 gxf6 22.c5 b6
23.c6 Qc7 24.b5 Rd8 25.Qb1 Rd4 26.Be4 h6 27.Bf5 Bc4 28.Rd1 Rxd1+ 29.Qxd1 Bxb5
30.Qg4+ Kh8 31.Qb4  1-0

[Event "POL-chT"]
[Site "Mikolajki"]
[Date "1991.??.??"]
[Round "4"]
[White "Jasnikowski, Zbigniew"]
[Black "Krasenkow, Michal"]
[Result "1-0"]
[WhiteElo "2435"]
[BlackElo "2570"]

1.d4 Nf6 2.c4 g6 3.Nf3 Bg7 4.g3 O-O 5.Bg2 d6 6.Nc3 c6 7.O-O Qa5 8.e4 Qh5
9.e5 dxe5 10.Nxe5 Ng4 11.Nf3 Rd8 12.Qe2 e5 13.d5 Nf6 14.Qxe5 Bf5 15.Qc7 Rd7
16.Qc8+ Bf8 17.dxc6 bxc6 18.Bg5 Re7 19.Qd8 Rd7 20.Qxf6 Bg7 21.Ne4 Bxe4 22.Qf4 f5
23.Ne5 Bxg2 24.Nxd7 Nxd7 25.Kxg2 Bxb2 26.Rad1 Nf8 27.h4 Re8 28.Rd8 Rxd8 29.Bxd8 Qe2
30.Ba5 Ne6 31.Qd2 Qxd2 32.Bxd2  1-0

[Event "POL-chT"]
[Site "Mikolajki"]
[Date "1991.??.??"]
[Round "5"]
[White "Krasenkow, Michal"]
[Black "Kveinys, Aloyzas"]
[Result "1/2-1/2"]
[WhiteElo "2570"]
[BlackElo "2435"]

1.Nf3 d5 2.d4 Nf6 3.c4 e6 4.g3 Bb4+ 5.Bd2 Bxd2+ 6.Qxd2 O-O 7.Bg2 Qe7 8.O-O Rd8
9.Rc1 c6 10.Qf4 dxc4 11.Rxc4 Nbd7 12.Nbd2 Nd5 13.Qe4 N5f6 14.Qe3 Nd5 15.Qe4  1/2-1/2

[Event "Moscow4"]
[Site "Moscow"]
[Date "1991.??.??"]
[Round "?"]
[White "Kremenietsky, Anatoly M"]
[Black "Krasenkow, Michal"]
[Result "0-1"]
[WhiteElo "2390"]
[BlackElo "2570"]

1.Nf3 Nf6 2.c4 g6 3.Nc3 Bg7 4.e4 O-O 5.d4 c6 6.Bd3 d6 7.h3 a6 8.O-O b5 9.b3 Nbd7
10.Be3 e5 11.dxe5 dxe5 12.Rc1 Qe7 13.cxb5 cxb5 14.a4 b4 15.Ne2 Rd8 16.Ng3 Nf8
17.Qe2 Bb7 18.Bc5 Qe8 19.Bb6 Rdc8 20.Bc4 Ne6 21.Ba5 Bf8 22.Qe1 Bh6 23.Rd1 Nc5
24.Bxb4 Ncxe4 25.Nxe4 Nxe4 26.Bd5 Bxd5 27.Rxd5 f5 28.Rxe5 Qf7 29.Nd2 Bf4
30.Ra5 Nxd2 31.Bxd2 Re8 32.Bxf4 Rxe1 33.Rxe1 Qxb3 34.Rae5 Qxa4 35.g3 a5 36.Bh6 Qd4
37.Re7 a4 38.Be3 Qb4 39.Bg5 a3 40.Bf6 a2 41.Ba1 Ra7 42.Re8+ Kf7 43.R8e6 Ra6
44.R6e2 g5 45.g4 fxg4 46.Re4 Qb3 47.R4e3 Qb4 48.Re4 Qd6 49.hxg4 Rb6 50.Be5 Qc6
51.Kh2 Rb1 52.Kg3 Rxe1 53.Rxe1 Qe6 54.Re3 Qa6 55.Rf3+ Ke8 56.Re3 Kf7 57.Rf3+ Kg6
58.Rf8 a1=Q 59.Bxa1 Qxa1 60.Rb8 Kf7 61.Rb7+ Ke6 62.Rb6+ Ke5 63.Rb5+ Ke4 64.Kg2 Qc1
65.f3+ Kd3 66.Rd5+ Kc4 67.Rd7 Qb2+ 68.Kf1 Qh2 69.Re7 Qg2+  0-1

[Event "Moscow4"]
[Site "Moscow"]
[Date "1991.??.??"]
[Round "?"]
[White "Umanskaya, Irina"]
[Black "Krasenkow, Michal"]
[Result "1/2-1/2"]
[WhiteElo "2235"]
[BlackElo "2570"]

1.Nf3 d6 2.d4 Bg4 3.c4 Bxf3 4.exf3 Nd7 5.Be2 g6 6.O-O Bg7 7.Nc3 e6 8.d5 Ne7
9.Re1 O-O 10.Bf1 e5 11.f4 Nf5 12.fxe5 dxe5 13.Bd2 a5 14.a3 c6 15.b4 Nd4 16.Rb1 axb4
17.axb4 cxd5 18.Nxd5 Nb6 19.Nxb6 Qxb6 20.Be3 Rfd8 21.c5 Qc7 22.Qc1 Ra2 23.Rb2 Rxb2
24.Qxb2 e4 25.Qb1 f5 26.Bg5 Re8 27.Qa2+ Kh8 28.Qa4 Rf8 29.Be3 Ne6 30.Bc4 Nd4
31.Bf1 Qe5 32.Rd1 Ne6 33.c6 f4 34.Bc5 Nxc5 35.bxc5 bxc6 36.Qxc6 e3 37.Qf3 Qxc5
38.Be2 Bd4 39.fxe3 fxe3 40.Qg4 Be5 41.Qe6 Bc7 42.g3 Ba5 43.Rd7 Qf5 44.Qxf5 Rxf5
45.Re7 Bb6 46.Kh1 Rf2 47.Bc4 Rc2 48.Bd3 Rc3 49.Be2 Rc2 50.Bd3 Rd2 51.Bc4 g5
52.Re6 Rb2 53.g4 Bc5 54.h3 Rc2 55.Bd3 Rc1+ 56.Kg2 Kg7 57.Kf3 h6 58.Rc6  1/2-1/2

[Event "Nimes op"]
[Site "Nimes"]
[Date "1991.??.??"]
[Round "5"]
[White "Krasenkow, Michal"]
[Black "Foisor, Ovidiu"]
[Result "1-0"]
[WhiteElo "2570"]
[BlackElo "2385"]

1.d4 Nf6 2.Nf3 g6 3.c4 Bg7 4.g3 O-O 5.Bg2 d6 6.O-O c6 7.b3 Qa5 8.Qd2 Qa6
9.Nc3 b5 10.cxb5 cxb5 11.a4 b4 12.Na2 Nc6 13.Nxb4 Nxb4 14.Qxb4 Be6 15.Qb5 Qxb5
16.axb5 Bd5 17.Ra5 Rfb8 18.Bg5 Rb6 19.Rfa1 h6 20.Bxf6 Bxf6 21.e3 Rab8 22.Nd2 Bxg2
23.Kxg2 d5 24.Rxa7 Rxb5 25.Rc1 R8b7 26.Rxb7 Rxb7 27.Kf3 e6 28.Ke2 Be7 29.Rb1 Kf8
30.Nf3 Ra7 31.b4 Ra2+ 32.Kf1 Ke8 33.b5 Bd6 34.Ne5 Bxe5 35.dxe5 Ra8 36.Ke2 Kd7
37.h4 Ra2+ 38.Kf3 Kc7 39.Rb4 Kd7 40.b6 Ra8 41.Kg4 Rb8 42.h5 g5 43.b7 Ke7
44.f4 gxf4 45.Kxf4  1-0

[Event "Nimes op"]
[Site "Nimes"]
[Date "1991.??.??"]
[Round "6"]
[White "Avshalumov, Alex"]
[Black "Krasenkow, Michal"]
[Result "1/2-1/2"]
[WhiteElo "2475"]
[BlackElo "2570"]

1.e4 e5 2.Nf3 Nc6 3.Bb5 a6 4.Ba4 Nf6 5.O-O Nxe4 6.d4 b5 7.Bb3 d5 8.dxe5 Be6
9.Nbd2 Bc5 10.Nxe4 dxe4 11.Bxe6 Qxd1 12.Rxd1 fxe6 13.Ng5 O-O 14.Nxe4 Bb6
15.Be3 Bxe3 16.fxe3 Rf5 17.Rd7 Rxe5 18.Rxc7 Rxe4 19.Rxc6 Rxe3 20.Rf1 Re2
21.h3 Rf8 22.b4 e5 23.Rxf8+ Kxf8 24.Rxa6 Rxc2 25.Re6 Re2 26.a3 Re3 27.Rb6 Rxa3
28.Rxb5  1/2-1/2

[Event "Nimes op"]
[Site "Nimes"]
[Date "1991.??.??"]
[Round "8"]
[White "Blatny, Pavel"]
[Black "Krasenkow, Michal"]
[Result "0-1"]
[WhiteElo "2495"]
[BlackElo "2570"]

1.d4 Nf6 2.Nf3 g6 3.Nc3 d5 4.Bf4 Bg7 5.e3 c6 6.Be2 O-O 7.h3 Nbd7 8.g4 Qa5
9.Qd2 b5 10.Ne4 Qb6 11.Nxf6+ Nxf6 12.a4 bxa4 13.O-O Ne4 14.Qc1 Ba6 15.Bxa6 Qxa6
16.Kg2 Qb5 17.c3 c5 18.Qc2 c4 19.Rxa4 a5 20.Rfa1 Rfc8 21.R1a2 e6 22.Qc1 Bf6
23.g5 Bd8 24.h4 f6 25.Qh1 fxg5 26.hxg5 Ra7 27.Qh3 Qe8 28.Ne5 Rca8 29.Qh4 h5
30.f3 Nd2 31.e4 Nb3 32.Be3 Bc7 33.Qf4 Bxe5 34.Qxe5 Qf7 35.f4 Ra6 36.R2a3 Qg7
37.Kf3 Qxe5 38.dxe5 Kf7 39.Kg3 Ke7 40.Bd4 Kd7 41.Be3 Kc6 42.Kh4 Rf8 43.exd5+ exd5
44.Kg3 Rfa8 45.Kh4 Kd7 46.f5 gxf5 47.Rxb3 cxb3 48.Bc5 Rc6 49.Ba3 Rc4+ 50.Rxc4 dxc4
51.Kxh5 Rh8+ 52.Kg6 Ke6 53.Kg7 Rh2 54.g6 f4 55.Kf8 f3 56.g7 Rg2 57.Bc5 f2  0-1

[Event "Oviedo rapid"]
[Site "Oviedo"]
[Date "1991.??.??"]
[Round "3"]
[White "Krasenkow, Michal"]
[Black "Acebal, Antonio"]
[Result "1-0"]
[WhiteElo "2570"]
[BlackElo "2300"]

1.e4 e5 2.Nf3 Nc6 3.Bb5 a6 4.Ba4 Nf6 5.O-O Be7 6.Bxc6 dxc6 7.d3 Qd6 8.Nbd2 b5
9.d4 Nd7 10.Nb3 exd4 11.Nfxd4 c5 12.Nf5 Qxd1 13.Rxd1 Bf6 14.Ne3 c4 15.Nd5 Bd8
16.Na5 Nf6 17.Nc6 Nxd5 18.exd5 Bf6 19.Bf4 Bxb2 20.Re1+ Kf8 21.Bxc7 Ba3 22.d6  1-0

[Event "Oviedo rapid"]
[Site "Oviedo"]
[Date "1991.??.??"]
[Round "5"]
[White "Krasenkow, Michal"]
[Black "Comas Fabrego, Luis"]
[Result "1-0"]
[WhiteElo "2570"]
[BlackElo "2375"]

1.d4 Nf6 2.c4 g6 3.Nc3 Bg7 4.e4 d6 5.Nf3 O-O 6.h3 c5 7.d5 e6 8.Bd3 Na6 9.O-O Nc7
10.a4 e5 11.a5 Nh5 12.Bg5 Qe8 13.Bc2 f5 14.exf5 gxf5 15.Qd2 Bd7 16.Nh4 Qf7
17.Kh1 Kh8 18.Rg1 Bf6 19.g4 fxg4 20.hxg4 Nf4 21.Bxf6+ Qxf6 22.g5 Qe7 23.Ne4 Ne8
24.f3 Ng7 25.Qh2 Nf5 26.g6 Qxh4 27.g7+ Kg8 28.gxf8=Q+ Kxf8 29.Qxh4 Nxh4 30.Nxd6 Bh3
31.Nxb7 Kf7 32.Nxc5  1-0

[Event "Oviedo rapid"]
[Site "Oviedo"]
[Date "1991.??.??"]
[Round "7"]
[White "Krasenkow, Michal"]
[Black "Kovacevic, Slobodan"]
[Result "1-0"]
[WhiteElo "2570"]
[BlackElo "2370"]

1.d4 Nf6 2.c4 e6 3.Nf3 c5 4.d5 exd5 5.cxd5 d6 6.Nc3 g6 7.h3 Bg7 8.e4 O-O
9.Bd3 a6 10.a4 Nbd7 11.O-O Re8 12.Re1 Qe7 13.Bf4 Nh5 14.Bh2 Bf6 15.Qd2 Ne5
16.Nxe5 dxe5 17.a5 Bg5 18.Qc2 Bd7 19.Na4 Bxa4 20.Rxa4 Nf6 21.Rc4 Nd7 22.Rb1 Qd6
23.Be2 Be7 24.Bg4 Nf6 25.Qc3 Bf8 26.Rd1 h5 27.Be2 Nd7 28.Qc1 Kh7 29.Rd3 Rab8
30.Ra3 Ra8 31.Qd1 Bh6 32.b4 cxb4 33.Rb3 Rec8 34.Rbxb4 Rxc4 35.Rxc4 Kg8 36.Qb1 Rb8
37.Qb2 Bf8 38.Bg3 Be7 39.f3 Bd8 40.Qc3 Kh7 41.Bd1 h4 42.Bf2 Kg8 43.Ba4 Bf6
44.Rc7 Nf8 45.Ba7 Ra8 46.Rxb7 Bd8  1-0

[Event "Oviedo rapid"]
[Site "Oviedo"]
[Date "1991.??.??"]
[Round "9"]
[White "Krasenkow, Michal"]
[Black "Azmaiparashvili, Zurab"]
[Result "1-0"]
[WhiteElo "2570"]
[BlackElo "2585"]

1.Nf3 g6 2.e4 Bg7 3.d4 d6 4.c3 Nf6 5.Bd3 O-O 6.O-O Bg4 7.Na3 Nc6 8.Nc2 e5
9.h3 Bd7 10.Bd2 a5 11.Re1 Re8 12.a4 Qc8 13.dxe5 Nxe5 14.Nxe5 dxe5 15.Bc4 Bc6
16.Qf3 Rf8 17.Bg5 Qd8 18.b3 h6 19.Bh4 g5 20.Bg3 Qe7 21.Bb5 Bxb5 22.axb5 Qc5
23.c4 a4 24.bxa4 Qxc4 25.Bxe5 Qxc2 26.Bxf6 Rxa4 27.Rac1 Qd2 28.Red1 Qb4 29.e5 Qxb5
30.Bxg7 Rf4 31.Qxf4 gxf4 32.Bxf8 Kxf8 33.Rxc7 Qxe5 34.Rdd7 Kg7 35.Rxf7+ Kg6
36.Rfe7 Qa1+ 37.Kh2 Qb2 38.f3 b5  1-0

[Event "Cappelle op"]
[Site "Cappelle la Grande"]
[Date "1992.??.??"]
[Round "1"]
[White "Krasenkow, Michal"]
[Black "Jaracz, Pawel"]
[Result "1-0"]
[WhiteElo "2495"]
[BlackElo "2245"]

1.d4 Nf6 2.c4 g6 3.Nc3 Bg7 4.e4 d6 5.Nf3 O-O 6.h3 e5 7.d5 Na6 8.Bg5 c6 9.Nd2 Bd7
10.Be2 h6 11.Be3 Ne8 12.g4 cxd5 13.cxd5 f5 14.gxf5 gxf5 15.exf5 Bxf5 16.Nde4 Nf6
17.Ng3 Bg6 18.Bd3 Qe8 19.Nf5 Nxd5 20.Nxd5 Bxf5 21.Bxf5 Rxf5 22.Qg4 Rf7 23.Bxh6 Qc8
24.Qg6 Qc4 25.Nf6+ Kf8 26.Ne4 Qb4+ 27.Bd2 Qxb2 28.O-O Kg8 29.Bh6 Qc2 30.Nf6+  1-0

[Event "Cappelle op"]
[Site "Cappelle la Grande"]
[Date "1992.??.??"]
[Round "5"]
[White "Krasenkow, Michal"]
[Black "Pedzich, Dominik"]
[Result "1-0"]
[WhiteElo "2495"]
[BlackElo "2385"]

1.d4 Nf6 2.c4 g6 3.Nc3 Bg7 4.e4 d6 5.Nf3 O-O 6.h3 Na6 7.Bg5 h6 8.Be3 e5 9.d5 Nc5
10.Nd2 Ne8 11.b4 Nxe4 12.Ndxe4 f5 13.Bd3 fxe4 14.Nxe4 Bf5 15.g4 Qh4 16.Bc2 Kh8
17.gxf5 gxf5 18.Ng3 f4 19.Qd3 Nf6 20.Nf5 Qg5 21.Nxg7 fxe3 22.Ne6 exf2+ 23.Kf1 e4
24.Qd4 Qh4 25.Nxf8 Rxf8 26.Rh2 Qg3 27.Rxf2 Qxh3+ 28.Ke2 Qg4+ 29.Kd2 e3+ 30.Qxe3  1-0

[Event "Cappelle op"]
[Site "Cappelle la Grande"]
[Date "1992.??.??"]
[Round "9"]
[White "Krasenkow, Michal"]
[Black "Chatalbashev, Boris"]
[Result "1-0"]
[WhiteElo "2495"]
[BlackElo "2390"]

1.Nf3 d5 2.d4 Bf5 3.c4 e6 4.Nc3 Nf6 5.Nh4 Bg4 6.h3 Bh5 7.g4 Bg6 8.g5 Nh5
9.Nxg6 hxg6 10.cxd5 exd5 11.Qb3 Nc6 12.Be3 Bb4 13.Bg2 O-O 14.Qxd5 Qe7 15.Qe4 Qd6
16.O-O Rae8 17.Qg4 Ne7 18.Bd2 c5 19.Ne4 Qxd4 20.Be3 Qxb2 21.Nd6 Rd8 22.Nc4 Qc2
23.a3 b5 24.axb4 bxc4 25.Bxc5 Rfe8 26.Rac1 Qb2 27.Rxc4 Nf5 28.Re4 Kh7 29.Bxa7 Nd6
30.Rxe8 Rxe8 31.e3  1-0

[Event "Dortmund op-A"]
[Site "Dortmund"]
[Date "1992.??.??"]
[Round "3"]
[White "Krasenkow, Michal"]
[Black "Hanko, Pavel"]
[Result "1-0"]
[WhiteElo "2495"]
[BlackElo "2270"]

1.Nf3 Nf6 2.c4 g6 3.Nc3 Bg7 4.e4 d6 5.d4 O-O 6.h3 e5 7.d5 Nbd7 8.Bg5 h6 9.Be3 Nc5
10.Nd2 a5 11.Be2 c6 12.g4 a4 13.Bxc5 dxc5 14.Nxa4 b5 15.cxb5 cxd5 16.Nxc5 Qe7
17.b4 dxe4 18.Nc4 Rd8 19.Qb3 Nd5 20.Rd1 Be6 21.Nxe6 fxe6 22.Rxd5 Rxd5 23.Nb6 Rxa2
24.Qxa2 Qxb4+ 25.Kf1 Rd2 26.Qc4 Qb1+ 27.Kg2 Qb2 28.Na4 Qd4 29.b6 Bf8 30.b7 Bd6
31.Rb1 Bb8 32.Qxe6+ Kf8 33.Qf6+  1-0

[Event "Dortmund op-A"]
[Site "Dortmund"]
[Date "1992.??.??"]
[Round "4"]
[White "Andersen, D."]
[Black "Krasenkow, Michal"]
[Result "0-1"]
[WhiteElo "2275"]
[BlackElo "2495"]

1.Nf3 Nf6 2.c4 e6 3.g3 a6 4.Bg2 b5 5.O-O bxc4 6.b3 cxb3 7.Ne5 d5 8.Qxb3 Bd6
9.d4 c5 10.Ba3 cxd4 11.Qa4+ Bd7 12.Qxd4 Nc6 13.Nxc6 Bxc6 14.Rc1 Bxa3 15.Nxa3 Bd7
16.e4 dxe4 17.Nc4 O-O 18.Nd6 Bb5 19.Qe5 Qb8 20.Qc5 Bd3 21.Re1 Qb2 22.Qc6 Ng4  0-1

[Event "Dortmund op-A"]
[Site "Dortmund"]
[Date "1992.??.??"]
[Round "5"]
[White "Krasenkow, Michal"]
[Black "Sinowjew, Juri"]
[Result "0-1"]
[WhiteElo "2495"]
[BlackElo "2310"]

1.d4 Nf6 2.c4 g6 3.Nc3 Bg7 4.e4 d6 5.Nf3 O-O 6.h3 e5 7.d5 Na6 8.Bg5 Qe8 9.g4 Nd7
10.Rg1 Kh8 11.Qd2 Ndc5 12.O-O-O Bd7 13.Kb1 f6 14.Be3 Rg8 15.Be2 f5 16.gxf5 gxf5
17.Nh4 fxe4 18.Bg4 Qf7 19.Qe2 Bf6 20.Bh5 Qe7 21.Ng6+ hxg6 22.Bxg6 Rg7 23.b4 Nd3
24.Qh5+ Kg8 25.Bh7+ Kf8 26.Bxe4 Rxg1 27.Rxg1 Nf4 28.Qf3 Kf7 29.Qg3 Rh8 30.a3 Ke8
31.Bc2 Rxh3 32.Qg8+ Qf8 33.Bxf4 Qxg8 34.Rxg8+ Kf7 35.Ra8 exf4 36.Nb5 Bxb5  0-1

[Event "Dortmund op-A"]
[Site "Dortmund"]
[Date "1992.??.??"]
[Round "7"]
[White "Krasenkow, Michal"]
[Black "Keitlinghaus, Ludger"]
[Result "1-0"]
[WhiteElo "2495"]
[BlackElo "2440"]

1.d4 f5 2.g3 Nf6 3.Bg2 e6 4.Nf3 d5 5.O-O Bd6 6.c4 c6 7.Bf4 Bxf4 8.gxf4 O-O
9.Nc3 b6 10.Rc1 Bb7 11.Ne5 dxc4 12.Nxc4 Nd5 13.e3 Nd7 14.Kh1 Qe7 15.Qb3 Rab8
16.Rg1 Kh8 17.Qa3 c5 18.dxc5 Nxc5 19.Nxd5 exd5 20.Ne5 a5 21.Bf3 Qh4 22.Rg3 d4
23.Bxb7 Rxb7 24.Nf3 Qe7 25.Nxd4 Rf6 26.Kg1 h6 27.h3 Qe4 28.Kh2 Kh7 29.Qc3 Rd7
30.Nf3 Nd3 31.Rd1 Rc6 32.Rxd3  1-0